| 000 | 00543ntaaa2200193 4500 | ||
|---|---|---|---|
| 003 | 01 | ||
| 005 | 20251027201237.0 | ||
| 008 | 0714s1973 ag 01 | ||
| 040 |
_aAR-BaBN _bspa _cAR-BaBN _eaacr _dRIC |
||
| 082 | _a301.42 K46 | ||
| 100 |
_aKerr, Clarence W. _910555 |
||
| 245 |
_aGod's pattern for the home / _cClarence W. Kerr |
||
| 250 |
_a1 ed. : _bCowman Publications, Inc., _cc1953 |
||
| 300 | _a147 p. | ||
| 500 | _a"Discusses Bible teachings on severe aspects of home life" | ||
| 650 | _aFamilia | ||
| 650 |
_aHogar _97807 |
||
| 942 | _cBK | ||
| 999 |
_c6770 _d6770 |
||